000 00797nam a2200289Ia 4500
005 20260324122156.0
008 008 260324s9999 xx 000 0 eng d
020 _a9781003448211
037 _aEBOOK
040 _aCRL
040 _beng
040 _cCRL
041 _2eng
041 _aeng
084 _qCRL
100 _aRonald A. Berk; Wilbert J. McKeachie
_91165417
245 0 _aTop 10 Flashpoints in Student Ratings and the Evaluation of Teaching
245 0 _bWhat Faculty and Administrators Must Know to Protect Themselves in Employment Decisions
260 _bTaylor and Francis
260 _c2013
365 _a
365 _b230
856 _uhttp://www.taylorfrancis.com/books/9781003448211
942 _cEBOOK
999 _c1757955
_d1757955